000 01072nam a22002057a 4500
005 20250902120349.0
010 _aHIN-130315
020 _a9789390897322
_c395.00
035 _aHN-102661
037 _bDBAD/PUB
082 _a420
100 _aशर्मा, शिवमूर्ति
_984473
245 _aहिंदी शिक्षण विधियाँ /
_cशिवमूर्ति शर्मा एवं पवित्रा शाह; स्मिता भवालकर द्वारा संपादित
260 _aनई दिल्ली
_bनीलकमल पब्लिकेशन प्रा. लि. एजुकेशनल पब्लिशर्स
_c2023
270 _a4764/1,23,अंसारी रोड, दरयागंज
_bनई दिल्ली
_e110002
300 _a406पृ.
_b 24सेमी (अजिल्द)
700 _aशाह, पवित्रा
_984464
700 _aभवालकर, स्मिता
_984474
942 _2ddc
_cHN
_h420
_mशर्मा
999 _c213231
_d213231